000 00240nam a2200097Ia 4500
001 685287
005 20250826161514.0
008 250824s9999 xx 000 0 und d
245 0 _aNur Baba
_cYakup Kadri Karaosmanoğlu
260 _bİLETİŞİM
999 _c685287
_d685287